| 000 | 00816nam a2200253 i 4500 | ||
|---|---|---|---|
| 001 | 129699 | ||
| 003 | ES-MaACL | ||
| 005 | 20250731020502.0 | ||
| 007 | t| | ||
| 008 | 070703s1973 sp ||||1| spa d | ||
| 080 | _a308(463.01)"19"(04) | ||
| 080 | _a63(463.01)"19":338(04) | ||
| 080 | _a338: 63(463.01)"19"(04) | ||
| 080 | _a32(46)(04) | ||
| 100 | 1 |
_aGómez, Julio Senador. _957780 |
|
| 245 | 1 | 0 |
_aDesde Castilla / _cJulio Senador ; selección de textos y prólogo de César Armando Gómez. |
| 260 |
_a[Madrid] : _bSeminarios y Ediciones, _c[1973] |
||
| 300 |
_a157 p. ; _c18 cm. |
||
| 651 | 4 |
_aCastilla- _xSituación económica _97978 |
|
| 651 | 4 |
_aCastilla- _xSituación social. _97979 |
|
| 700 | 1 |
_aGómez, César Armando. _957753 |
|
| 852 |
_aES-MaACL _jC-53685 _bR.86548 |
||
| 999 |
_c129699 _d129699 |
||